000 00314nam a2200133Ia 4500
008 191201s2010 xx 000 0 und d
100 _aJAIN,T R
245 0 _aBasics of economics and management
250 _aRep
260 _c2010
_bV k publication
_aN. delhi
300 _a295
650 _aMBA
942 _2ddc
_cBB
999 _c7318
_d7318